Brics : (Record no. 46160)

MARC details
000 -LEADER
fixed length control field 00831nam a22001937a 4500
005 - DATE AND TIME OF LATEST TRANSACTION
control field 20170901125417.0
008 - FIXED-LENGTH DATA ELEMENTS--GENERAL INFORMATION
fixed length control field 170901b2011 mx ||||| |||| 00| 0bspa d
020 ## - INTERNATIONAL STANDARD BOOK NUMBER
International Standard Book Number 9786070044861
050 04 - LIBRARY OF CONGRESS CALL NUMBER
Classification number HC59.7
Item number C36 2011
110 2# - MAIN ENTRY--CORPORATE NAME
Corporate name or jurisdiction name as entry element México. Cámara de Diputados
245 10 - TITLE STATEMENT
Title Brics :
Remainder of title El difícil camino entre el escepticismo y el asombro /
Statement of responsibility, etc Cámara de Diputados ; Coordinador [por] Arturo Oropeza García.
250 ## - EDITION STATEMENT
Edition statement Primera edición
260 ## - PUBLICATION, DISTRIBUTION, ETC. (IMPRINT)
Place of publication, distribution, etc México :
Name of publisher, distributor, etc LXI Legislatura Cámara de Diputados, UNAM, Instituto de Investigaciones Jurídicas,
Date of publication, distribution, etc c2011
300 ## - PHYSICAL DESCRIPTION
Extent 702 páginas :
Other physical details il. ;
Dimensions 24 cm.
650 #7 - SUBJECT ADDED ENTRY--TOPICAL TERM
Source of heading or term Lemb
Topical term or geographic name as entry element Relaciones económicas internacionales
650 #7 - SUBJECT ADDED ENTRY--TOPICAL TERM
Source of heading or term Lemb
Topical term or geographic name as entry element Paises BRIC
General subdivision Condiciones económicas siglo XXI
650 #7 - SUBJECT ADDED ENTRY--TOPICAL TERM
Source of heading or term Lemb
Topical term or geographic name as entry element Países en desarrollo
General subdivision Condiciones económicas siglo XXI
700 1# - ADDED ENTRY--PERSONAL NAME
Personal name Oropeza García, Arturo,
Relator term coord.
942 ## - ADDED ENTRY ELEMENTS (KOHA)
Source of classification or shelving scheme Biblioteca del Cogreso de los Estados Unidos
Koha item type Libro
Holdings
Estado de pérdida Fuente de clasificación Estado del daño No para préstamo Ubicación permanente Ubicación actual Apartado o colección Fecha de adquisición Edición Enumeración de Serie / Cronológica Dependencia de educación superior (DES) Área del conocimiento Clasificación Código de Barras Date last seen Número de copia Tipo de recurso
  Biblioteca del Cogreso de los Estados Unidos     Biblioteca de la Facultad de Derecho y Ciencias Sociales "Felipe J. Tena" Biblioteca de la Facultad de Derecho y Ciencias Sociales "Felipe J. Tena" General 02/12/2013 1a. ed. BFD000004145 Derecho Ciencias Sociales y Administrativas HC59.7 B75 2011 BFD000004145 16/01/2015 C:1 Libro